00849nam a2200229Ia 4500003000400000005001700004008004100021020001800062040001800080041000800098082002200106100002100128245020700149250001200356260004400368300002800412650004100440650006300481650003100544700001900575700002500594OSt20250916152625.0210716s2018 xx 000 0 und d a9781788474870 cAIMIT LIBRARY aeng a005.768 21bKALS aKaloferov, Spas. aMastering vRealize operations manager :banalyze and optimize your IT environment by gaining a practical understanding of vRealize operations 6.6 /cSpas Kaloferov, Scott Norris and Christopher Slater. a2nd ed. aMumbai :bPackt Publishing Ltd ,c2018. aix,407p. ;bPBc24.1 cm aGoing ahead with vRealize operations aWhich vRealise operations deployment model fits your needs aCreating custom dashboards aNorris, Scott. aSlater, Christopher.